|
|
|
|
| LEADER |
01101ncm a22002532a 4500 |
| 001 |
001289278 |
| 003 |
CZ BrMZK |
| 005 |
20130822143559.0 |
| 007 |
qu |
| 008 |
030925s1887 gw f ger d |
| 040 |
|
|
|a BOA001
|b cze
|
| 072 |
|
7 |
|a 783
|x Církevní hudba. Duchovní hudba. Náboženská hudba
|2 Konspekt
|9 9
|
| 100 |
1 |
|
|a Bach, Johann Sebastian,
|d 1685-1750
|7 jn19990000367
|4 cmp
|
| 245 |
1 |
0 |
|a Passionsmusik nach dem Evangelisten Lucas
|h [hudebnina] :
|b vollständiger Klavierauszug mit Text /
|c von Johann Sebastian Bach ; nach der Originalpartitur eingerichtet von A. Dörffel
|
| 260 |
|
|
|a Leipzig ;
|a und Brüssel :
|b Breitkopf & Härtel,
|c [1887?]
|
| 300 |
|
|
|a 101 s.
|
| 490 |
1 |
|
|a Volksausgabe Breitkopf & Härtel ;
|v Nr. 719
|
| 510 |
4 |
|
|a [Winiker, C.: Haupt-Katalog der Musikalien-Leih-Anstalt,
|c 47801]
|
| 700 |
1 |
|
|a Dörffel, Alfred,
|d 1821-1905
|7 xx0011284
|4 edt
|
| 830 |
|
0 |
|a Volksausgabe Breitkopf & Härtel
|
| 910 |
|
|
|a BOA001
|b Mus4-0116.344,719
|
| 990 |
|
|
|a MU
|
| 991 |
|
|
|b 201304
|
| 996 |
6 |
|
|b 2619514625
|c Mus4-0116.344,719
|l MZK
|r Sklad / do 1 hodiny
|n 0
|p W
|w 001323863
|u 000010
|a 1
|e BOA001
|j MZK50
|s P
|